[Event "COL-ch U16 m sf3"]
[Site "Pereira"]
[Date "2016.05.28"]
[Round "2.13"]
[White "Molano Castano, Juan David"]
[Black "Herrera C, Carlos Stiven"]
[Result "0-1"]
[WhiteElo "1631"]
[BlackElo "1368"]
[PlyCount "112"]
[EventDate "2016.05.27"]
[EventType "swiss"]
[EventRounds "6"]
[EventCountry "COL"]
[SourceTitle "EXT 2024"]
[Source "ChessBase"]
[SourceDate "2023.10.10"]
[SourceVersion "1"]
[SourceVersionDate "2023.10.10"]
[SourceQuality "1"]

1. e4 c5 2. Nf3 Nc6 3. d4 cxd4 4. Nxd4 Qb6 5. Nb3 Nf6 6. Be3 Qc7 7. Nc3 e6 8. a3 Be7 9. Be2 0-0 10. 0-0 a6 11. Nd4 b5 12. b4 Bb7 13. Nxc6 Qxc6 14. Qd3 Rac8 15. Bd2 Nxe4 16. Nxe4 Qxe4 17. Qxe4 Bxe4 18. c3 Rc6 19. Rac1 d5 20. Rfd1 Rfc8 21. Be1 Bf6 22. Bd3 Bxd3 23. Rxd3 d4 24. Kf1 dxc3 25. Rc2 Kf8 26. f3 Ke8 27. Bf2 Rd8 28. Ke2 Rxd3 29. Kxd3 Rd6+ 30. Ke2 g5 31. Be1 h5 32. Bxc3 Rc6 33. Kd3 Rxc3+ 34. Rxc3 Bxc3 35. Kxc3 Kd7 36. Kd4 Kd6 37. g3 f6 38. h3 g4 39. fxg4 hxg4 40. h4 e5+ 41. Ke4 Ke6 42. h5 f5+ 43. Kd3 Kf6 44. h6 Kg6 45. h7 Kxh7 46. Ke3 Kg6 47. Kd3 Kg5 48. Ke3 f4+ 49. gxf4+ exf4+ 50. Ke4 g3 51. Kf3 Kf5 52. Kg2 Kg4 53. Kf1 f3 54. Kg1 Kh3 55. Kh1 g2+ 56. Kg1 f2+ 0-1

[Event "Pan American-ch U10"]
[Site "Cali"]
[Date "2015.07.02"]
[Round "7"]
[White "Santiago Pinzon, Juan Felipe"]
[Black "Molano Castano, Juan David"]
[Result "0-1"]
[WhiteElo "1506"]
[BlackElo "1642"]
[PlyCount "36"]
[EventDate "2015.06.28"]
[EventType "swiss"]
[EventRounds "9"]
[EventCountry "COL"]
[SourceTitle "EXT 2016"]
[Source "ChessBase"]
[SourceDate "2015.10.08"]
[SourceVersion "1"]
[SourceVersionDate "2015.10.08"]
[SourceQuality "1"]

1. d4 Nf6 2. c4 g6 3. Nc3 Bg7 4. Nf3 d6 5. Bg5 0-0 6. Qd2 Re8 7. e4 c5 8. d5 e6 9. Be2 exd5 10. exd5 Bf5 11. 0-0 Qc7 12. Nb5 Qd7 13. Bf4 Ne4 14. Qd1 a6 15. Nc3 Nxc3 16. bxc3 Bxc3 17. Rb1 Bxb1 18. Qxb1 Rxe2 0-1

[Event "Risarald op"]
[Site "Risarald"]
[Date "2015.06.13"]
[Round "3"]
[White "Gallego, Julian Andres"]
[Black "Molano Castano, Juan David"]
[Result "1-0"]
[WhiteElo "1661"]
[BlackElo "1584"]
[PlyCount "58"]
[EventDate "2015.06.12"]
[EventType "swiss"]
[EventRounds "7"]
[EventCountry "COL"]
[SourceTitle "CBM 167 Extra"]
[Source "ChessBase"]
[SourceDate "2015.09.14"]
[SourceVersion "1"]
[SourceVersionDate "2015.09.14"]
[SourceQuality "1"]

1. d4 d5 2. c4 e6 3. Nf3 c5 4. e3 Nf6 5. Bd3 Nc6 6. Nc3 Bd7 7. 0-0 Be7 8. Qc2 0-0 9. a3 h6 10. Re1 a6 11. b3 Rb8 12. Bb2 Na7 13. Rad1 b5 14. Ne5 bxc4 15. bxc4 Nc6 16. Nxd7 Qxd7 17. cxd5 exd5 18. Bxa6 Qa7 19. Bb5 Rfc8 20. Bxc6 Rxc6 21. dxc5 Rxc5 22. Qe2 Qa5 23. Rd2 Rxc3 24. Bxc3 Qxc3 25. Rd3 Qc4 26. Red1 Bxa3 27. Qf3 Be7 28. h3 g6 29. g4 Rd8 1-0

[Event "COL-ch U10"]
[Site "Bogota"]
[Date "2014.06.02"]
[Round "7"]
[White "Molano Castano, Juan David"]
[Black "Ribero, David Felipe"]
[Result "1-0"]
[WhiteElo "1431"]
[BlackElo "1975"]
[PlyCount "32"]
[EventDate "2014.05.29"]
[EventType "swiss"]
[EventRounds "7"]
[EventCountry "COL"]
[SourceTitle "CBM 160 Extra"]
[Source "ChessBase"]
[SourceDate "2014.07.01"]
[SourceVersion "1"]
[SourceVersionDate "2014.07.01"]
[SourceQuality "1"]

1. d4 d5 2. e3 Bf5 3. Nf3 e6 4. c4 c6 5. Nc3 Nf6 6. Bd3 Bg4 7. Be2 Bf5 8. 0-0 Bd6 9. cxd5 cxd5 10. a3 0-0 11. Re1 e5 12. dxe5 Qe8 13. exf6 Be5 14. Qxd5 Nd7 15. fxg7 Bxg7 16. Qxf5 Rd8 1-0

[Event "Central Region-ch U12"]
[Site "Manizales"]
[Date "2014.05.16"]
[Round "3.2"]
[White "Corredor Castellanos, Camilo"]
[Black "Molano Castano, Juan David"]
[Result "1-0"]
[WhiteElo "1914"]
[BlackElo "1431"]
[PlyCount "59"]
[EventDate "2014.05.15"]
[EventType "swiss"]
[EventRounds "6"]
[EventCountry "COL"]
[SourceTitle "EXT 2024"]
[Source "ChessBase"]
[SourceDate "2023.10.10"]
[SourceVersion "1"]
[SourceVersionDate "2023.10.10"]
[SourceQuality "1"]

1. d4 d5 2. Bf4 Bf5 3. c4 e6 4. Nc3 Nf6 5. e3 c5 6. Nf3 Nc6 7. Be2 Bd6 8. Bg3 Ne4 9. cxd5 Nxc3 10. bxc3 exd5 11. 0-0 0-0 12. Bd3 Bxd3 13. Qxd3 Bxg3 14. hxg3 c4 15. Qc2 Re8 16. Rab1 b6 17. Rfe1 Re6 18. e4 Rh6 19. Rb5 Rh5 20. g4 a6 21. Rxb6 Qxb6 22. gxh5 dxe4 23. Qxe4 h6 24. g4 Rd8 25. g5 Na7 26. g6 Qb8 27. gxf7+ Kxf7 28. Qe6+ Kf8 29. Ne5 Qc7 30. Ng6# 1-0

[Event "COL-ch sf"]
[Site "Medellin"]
[Date "2014.??.??"]
[Round "2"]
[White "Pena, Alcides"]
[Black "Molano Castano, Juan David"]
[Result "1-0"]
[WhiteElo "1875"]
[BlackElo "1445"]
[PlyCount "65"]
[EventDate "2014.04.15"]
[EventType "swiss"]
[EventRounds "11"]
[EventCountry "COL"]
[SourceTitle "CBM 160 Extra"]
[Source "ChessBase"]
[SourceDate "2014.07.01"]
[SourceVersion "1"]
[SourceVersionDate "2014.07.01"]
[SourceQuality "1"]

1. d4 d5 2. c4 dxc4 3. e4 Nc6 4. d5 Ne5 5. h3 Nf6 6. Nc3 g6 7. f4 Ned7 8. Bxc4 Nb6 9. Be2 e6 10. Bf3 Bb4 11. Qb3 Bxc3+ 12. Qxc3 0-0 13. b3 exd5 14. Bb2 d4 15. Qd3 c5 16. Rc1 Qc7 17. Ne2 Qe7 18. 0-0 Re8 19. Ng3 h5 20. Rfe1 Nbd7 21. e5 Nh7 22. Ne4 b6 23. Nd6 Rd8 24. Bxa8 Ba6 25. Qxa6 Rxa8 26. Qf1 Nhf6 27. exf6 Qxd6 28. Re7 Nxf6 29. Rce1 d3 30. Bxf6 d2 31. Re8+ Rxe8 32. Rxe8+ Kh7 33. Rh8# 1-0